| 000 | 00557nam a2200193 a 4500 | ||
|---|---|---|---|
| 005 | 20210223125215.0 | ||
| 008 | 031103s1956 000 eng d | ||
| 035 | _aUPN01000130597 | ||
| 049 | _aF | ||
| 050 | 4 |
_aL456 _bK3.7 1956 |
|
| 100 | 1 | _aKallio, Niilo | |
| 245 | 1 | 4 |
_aThe school system of Finland / _cby Niilo Kallio. |
| 250 | _a4a ed. | ||
| 260 |
_aHelsinki : _bSuomalaisen Kirjallisuuden kirjapaino Oy, _c1956. |
||
| 300 |
_a86 p. : _bil. |
||
| 650 | 4 |
_aEDUCACION - _zFINLANDIA _916163 |
|
| 650 | 4 |
_aESCUELAS - _zFINLANDIA _921762 |
|
| 905 | _aLibro | ||
| 999 |
_c102754 _d102754 |
||